| 000 | 00785nam a2200193 a 4500 | ||
|---|---|---|---|
| 003 | 0 | ||
| 005 | 20250619155635.0 | ||
| 008 | 021121s19uu xx 00 eng d | ||
| 050 |
_aPHS HQ 755.86 _b.P34 2000 |
||
| 100 | _aPaguia, Ivy C. | ||
| 245 |
_aThe Study on the effects of busy parents on teenagers management of Southville International high school students for year 1999-2000 / _cIvy C. Paguia. |
||
| 260 |
_aLas PiƱas City, Philippines : _bSouthville International School and Colleges, _c2000. |
||
| 300 |
_a38 pages : _billustrations ; _c28 cm. |
||
| 504 | _aIncludes bibliographical references. | ||
| 650 |
_aChildren of working parents _zPhilippines. |
||
| 650 |
_aParent and child _zPhilippines. |
||
| 650 |
_aSelf-management (Education) _zPhilippines. |
||
| 942 |
_2lcc _cPASS |
||
| 999 |
_c96325 _d96325 |
||